<?xml version="1.0" encoding="UTF-8"?>
<record
    xmlns:xsi="http://www.w3.org/2001/XMLSchema-instance"
    xsi:schemaLocation="http://www.loc.gov/MARC21/slim http://www.loc.gov/standards/marcxml/schema/MARC21slim.xsd"
    xmlns="http://www.loc.gov/MARC21/slim">

  <leader>00579nam a22001697a 4500</leader>
  <controlfield tag="005">20250619100208.0</controlfield>
  <controlfield tag="008">250619b        |||||||| |||| 00| 0 eng d</controlfield>
  <datafield tag="020" ind1=" " ind2=" ">
    <subfield code="a">0-8341-2247-2</subfield>
  </datafield>
  <datafield tag="050" ind1=" " ind2=" ">
    <subfield code="a">BS 605.3 .D57 2006</subfield>
  </datafield>
  <datafield tag="100" ind1=" " ind2=" ">
    <subfield code="a">VARUGHESE, ALEX  </subfield>
  </datafield>
  <datafield tag="245" ind1=" " ind2=" ">
    <subfield code="a">DISCOVERING THE BIBLE: STORY AND FAITH OF THE BIBLICAL COMMUNITIES </subfield>
  </datafield>
  <datafield tag="260" ind1=" " ind2=" ">
    <subfield code="a">KANSAS CITY [MO] </subfield>
    <subfield code="b"> BEACON HILL PRESS OF KANSAS CITY,</subfield>
    <subfield code="c"> 2006.</subfield>
  </datafield>
  <datafield tag="300" ind1=" " ind2=" ">
    <subfield code="a">464P,;ILL</subfield>
  </datafield>
  <datafield tag="500" ind1=" " ind2=" ">
    <subfield code="a">INCLUDES BIBLIOGRAPHICAL REFERENCES AND INDEX</subfield>
  </datafield>
  <datafield tag="650" ind1=" " ind2=" ">
    <subfield code="a">1.	BIBLE--TEXTBOOKS. 2.	BIBLE--STUDY AND TEACHING.</subfield>
  </datafield>
  <datafield tag="942" ind1=" " ind2=" ">
    <subfield code="2">lcc</subfield>
    <subfield code="c">BK</subfield>
  </datafield>
  <datafield tag="999" ind1=" " ind2=" ">
    <subfield code="c">215707</subfield>
    <subfield code="d">215707</subfield>
  </datafield>
  <datafield tag="952" ind1=" " ind2=" ">
    <subfield code="0">0</subfield>
    <subfield code="1">0</subfield>
    <subfield code="2">lcc</subfield>
    <subfield code="4">0</subfield>
    <subfield code="6">BS06053 D57  02006</subfield>
    <subfield code="7">0</subfield>
    <subfield code="8">ARTS</subfield>
    <subfield code="9">371633</subfield>
    <subfield code="a">KSUL</subfield>
    <subfield code="b">KSUL</subfield>
    <subfield code="c">DISPLAY</subfield>
    <subfield code="d">2025-06-19</subfield>
    <subfield code="i">108391</subfield>
    <subfield code="l">0</subfield>
    <subfield code="o">BS 605.3 .D57 2006</subfield>
    <subfield code="p">000000024922</subfield>
    <subfield code="r">2025-06-19 10:02:50</subfield>
    <subfield code="t">1</subfield>
    <subfield code="w">2025-06-19</subfield>
    <subfield code="y">BK</subfield>
  </datafield>
  <datafield tag="952" ind1=" " ind2=" ">
    <subfield code="0">0</subfield>
    <subfield code="1">0</subfield>
    <subfield code="2">lcc</subfield>
    <subfield code="4">0</subfield>
    <subfield code="6">BS06053 D57  02006</subfield>
    <subfield code="7">0</subfield>
    <subfield code="8">ARTS</subfield>
    <subfield code="9">371634</subfield>
    <subfield code="a">KSUL</subfield>
    <subfield code="b">KSUL</subfield>
    <subfield code="c">DISPLAY</subfield>
    <subfield code="d">2025-06-19</subfield>
    <subfield code="i">108392</subfield>
    <subfield code="l">0</subfield>
    <subfield code="o">BS 605.3 .D57 2006</subfield>
    <subfield code="p">000000024921</subfield>
    <subfield code="r">2025-06-19 10:02:00</subfield>
    <subfield code="t">2</subfield>
    <subfield code="w">2025-06-19</subfield>
    <subfield code="y">BK</subfield>
  </datafield>
  <datafield tag="952" ind1=" " ind2=" ">
    <subfield code="0">0</subfield>
    <subfield code="1">0</subfield>
    <subfield code="2">lcc</subfield>
    <subfield code="4">0</subfield>
    <subfield code="6">BS06053 D57  02006</subfield>
    <subfield code="7">0</subfield>
    <subfield code="8">ARTS</subfield>
    <subfield code="9">371635</subfield>
    <subfield code="a">KSUL</subfield>
    <subfield code="b">KSUL</subfield>
    <subfield code="c">DISPLAY</subfield>
    <subfield code="d">2025-06-19</subfield>
    <subfield code="i">108393</subfield>
    <subfield code="l">0</subfield>
    <subfield code="o">BS 605.3 .D57 2006</subfield>
    <subfield code="p">000000024920</subfield>
    <subfield code="r">2025-06-19 10:02:00</subfield>
    <subfield code="t">3</subfield>
    <subfield code="w">2025-06-19</subfield>
    <subfield code="y">BK</subfield>
  </datafield>
  <datafield tag="952" ind1=" " ind2=" ">
    <subfield code="0">0</subfield>
    <subfield code="1">0</subfield>
    <subfield code="2">lcc</subfield>
    <subfield code="4">0</subfield>
    <subfield code="6">BS06053 D57  02006</subfield>
    <subfield code="7">0</subfield>
    <subfield code="8">ARTS</subfield>
    <subfield code="9">371637</subfield>
    <subfield code="a">KSUL</subfield>
    <subfield code="b">KSUL</subfield>
    <subfield code="c">DISPLAY</subfield>
    <subfield code="d">2025-06-19</subfield>
    <subfield code="i">108394</subfield>
    <subfield code="l">0</subfield>
    <subfield code="o">BS 605.3 .D57 2006</subfield>
    <subfield code="p">000000024919</subfield>
    <subfield code="r">2025-06-19 10:02:00</subfield>
    <subfield code="t">4</subfield>
    <subfield code="w">2025-06-19</subfield>
    <subfield code="y">BK</subfield>
  </datafield>
  <datafield tag="952" ind1=" " ind2=" ">
    <subfield code="0">0</subfield>
    <subfield code="1">0</subfield>
    <subfield code="2">lcc</subfield>
    <subfield code="4">0</subfield>
    <subfield code="6">BS06053 D57  02006</subfield>
    <subfield code="7">0</subfield>
    <subfield code="8">ARTS</subfield>
    <subfield code="9">371638</subfield>
    <subfield code="a">KSUL</subfield>
    <subfield code="b">KSUL</subfield>
    <subfield code="c">DISPLAY</subfield>
    <subfield code="d">2025-06-19</subfield>
    <subfield code="i">108395</subfield>
    <subfield code="l">0</subfield>
    <subfield code="o">BS 605.3 .D57 2006</subfield>
    <subfield code="p">000000024918</subfield>
    <subfield code="r">2025-06-19 10:02:00</subfield>
    <subfield code="t">5</subfield>
    <subfield code="w">2025-06-19</subfield>
    <subfield code="y">BK</subfield>
  </datafield>
</record>
